000 01369cam a2200325 a 4500
999 _c328560
_d328560
001 4491939
003 Nust
005 20170412104323.0
008 971110s1998 ncu b 001 1 eng
010 _a 97049153
020 _a9788171674435
040 _aDLC
_cDLC
_dDLC
050 0 0 _aPR5774
_b.I5 1998
082 0 0 _a823.912
_bWEL
100 1 _aWells, H. G.
_q(Herbert George),
_d1866-1946.
245 1 4 _aThe invisible man :
_ba grotesque romance : a critical text of the 1897 New York first edition, with an introduction and appendices /
_cH.G. Wells ; edited by Leon Stover.
260 _aJefferson, N.C. :
_bMcFarland & Co.,
_c2000.
300 _axi, 223 p. ;
_c24 cm.
490 1 _aThe annotated H.G. Wells ;
_v3
504 _aIncludes bibliographical references (p. 227-235) and index.
650 0 _aScientists
_vFiction.
650 0 _aMentally ill
_vFiction.
655 7 _aPsychological fiction.
_2lcsh
655 7 _aScience fiction.
_2gsafd
700 1 _aStover, Leon E.
800 1 _aWells, H. G.
_q(Herbert George),
_d1866-1946.
_tAnnotated H.G. Wells ;
_v3.
906 _a7
_bcbc
_corignew
_d1
_eocip
_f19
_gy-gencatlg
942 _2ddc
_cBK